000 00602nam a2200229Ia 4500
003 OSt
005 20221007070923.0
006 a|||||r|||| 00| 0
007 ta
008 221006b |||||||| |||| 00| 0 eng d
024 _a27,378
037 _cTextual
040 _aFLL
_cFLL
_beng
041 _2eng
_aeng
082 _aZ52, H0
100 _aKulkarni Annaji Gangadhar
_9683257
245 0 _aRoman law
260 _aKolhapur
_bA.G. Kulkarni India
_c1940
300 _axxxvii,1-302p
_ccm.
942 _hZ52, H0
_cTEXL
_2CC
999 _c1141880
_d1141880